Top 10 największych państw Afryki według powierzchni - Statystyki

Ogólne statystyki
  • Ten quiz został rozwiązany 761 razy
  • Średni wynik to 9 z 10
Statystyki odpowiedzi
km2 Państwo % Poprawnych
2 381 741 Algieria
96%
1 219 912 Republika Południowej Afryki
96%
2 344 858 Demokratyczna Republika Konga
94%
1 886 068 Sudan
91%
1 267 000 Niger
88%
1 284 000 Czad
84%
1 759 540 Libia
84%
1 240 000 Mali
80%
1 127 127 Etiopia
79%
1 246 700 Angola
75%
Nie znaleziono quizów pasujących do podanych kryteriów
Rozkład punktacji
Procent ludzi z każdym wynikiem
Percentyl według liczby udzielonych odpowiedzi
Twoja historia wyników
Nie rozwiązałeś tego quizu